Normal view
MARC view
- Donovan, Todd.
Entry Personal Name
001 - CONTROL NUMBER
- control field: 4374
003 - CONTROL NUMBER IDENTIFIER
- control field: NUST
005 - DATE AND TIME OF LATEST TRANSACTION
- control field: 20170829104820.0
008 - FIXED-LENGTH DATA ELEMENTS
- fixed length control field: 170829|| aca||aabn | a|a d
040 ## - CATALOGING SOURCE
- Original cataloging agency: NUST
- Transcribing agency: NUST
100 ## - HEADING--PERSONAL NAME
- Personal name: Donovan, Todd.
670 ## - SOURCE DATA FOUND
- Source citation: Work cat.: (NUST)0: Hoover, Kenneth R., 1940- 4373, The elements of social scientific thinking /, c2008.
